000 00567nam a2200217Ia 4500
008 210210b1987 xxu||||| |||| 00| 0 eng d
082 _a613.7 ASSP
100 _aASSOCIATION OF INDIAN UNIVERSITIES
245 _aPhysical fitness and sports standards in Universities
260 _aNew Delhi.
_bAssociation of Indian Universities.,
_c1987
300 _a75
650 _aUniversities
650 _astandards
650 _asports
650 _aPhysical
650 _ain
650 _afitness
650 _aand
690 _aPhysical Fitness
906 _a042098
999 _c91959
_d91959